Влияние покрытий на химический состав дуги; Инновационные технологии и экономика в машиностроении

Bibliographic Details
Parent link:Инновационные технологии и экономика в машиностроении.— 2009.— С. 25-27
Other Authors: Сабиров И. Р. Ильдар Рашитович, Зернин Е. А. Евгений Александрович, Крюков А. В. Артём Викторович, Осипов А. С.
Language:Russian
Published: 2009
Subjects:
Format: Book Chapter
KOHA link:https://koha.lib.tpu.ru/cgi-bin/koha/opac-detail.pl?biblionumber=169716

MARC

LEADER 00000naa2a2200000 4500
001 169716
005 20231031163519.0
035 |a (RuTPU)RU\TPU\book\184080 
090 |a 169716 
100 |a 20091117d2009 k y0rusy50 ca 
101 0 |a rus 
102 |a RU 
200 1 |a Влияние покрытий на химический состав дуги  |f И. Р. Сабиров [и др.] 
320 |a Библиогр.: 8 назв. 
463 0 |0 (RuTPU)RU\TPU\book\176298  |t Инновационные технологии и экономика в машиностроении  |o труды VII Всероссийской научно-практической конференции с международным участием, 21-22 мая 2009 г., г. Юрга  |f Томский политехнический университет (ТПУ), Юргинский технологический институт (ЮТИ) ; под ред. Д. А. Чинахова  |v С. 25-27  |d 2009  |p 695 с. 
610 1 |a дуговая сварка 
610 1 |a дуга 
610 1 |a плазма 
610 1 |a химический состав 
610 1 |a сварные швы 
610 1 |a покрытия 
610 1 |a труды учёных ТПУ 
701 1 |a Сабиров  |b И. Р.  |c ассистент  |c Юргинский технологический институт Томского политехнического университета  |g Ильдар Рашитович  |2 stltpush  |3 (RuTPU)RU\TPU\pers\25039 
701 1 |a Зернин  |b Е. А.  |c доцент, кандидат технических наук  |c Юргинский технологический институт (филиал) Томского политехнического университета  |g Евгений Александрович  |2 stltpush  |3 (RuTPU)RU\TPU\pers\24288 
701 1 |a Крюков  |b А. В.  |c старший преподаватель  |c Юргинский технологический институт (филиал) Томского политехнического университета  |g Артём Викторович  |2 stltpush  |3 (RuTPU)RU\TPU\pers\24492 
701 1 |a Осипов  |b А. С. 
801 1 |a RU  |b 63413507  |c 20091117 
801 2 |a RU  |b 63413507  |c 20091117  |g RCR 
942 |c BK